Statistical mechanics
Gespeichert in:
| 1. Verfasser: | |
|---|---|
| Format: | Buch |
| Sprache: | Englisch |
| Veröffentlicht: |
Nueva York
John Wiley
1963
|
| Schlagworte: | |
| Tags: |
Tag hinzufügen
Keine Tags, Fügen Sie den ersten Tag hinzu!
|
MARC
| LEADER | 00000nam a2200000 a 4500 | ||
|---|---|---|---|
| 001 | UCT2113 | ||
| 003 | CL-VaPUC | ||
| 008 | 961004e19630000US |||||||||||||||||eng|d | ||
| 082 | 0 | 4 | |a 530.13 |b HUA |2 21 |
| 100 | |a Huang, Kerson |e author |9 544216 | ||
| 245 | 1 | 0 | |a Statistical mechanics |
| 300 | |a 470 p | ||
| 942 | |c BK | ||
| 945 | |d 19961004 00:00:00 |a paguirre | ||
| 260 | |a Nueva York |b John Wiley |c 1963 | ||
| 650 | 0 | |a Mecánica |9 260096 | |
| 650 | 0 | |a Termodinámica |9 259320 | |
| 650 | 0 | |a Cinética |9 260943 | |
| 650 | 0 | |a Estados de la Materia |9 347141 | |
| 650 | 0 | |a Gases |9 260945 | |
| 583 | |a last modification |c 19961004 00:00:00 |k Rodrigo Vera | ||
| 999 | |c 252372 |d 252370 | ||
| 952 | |0 0 |1 0 |2 ddc |4 0 |6 530_130000000000000_HUA_1963 |7 0 |8 A |9 272188 |a BIBCUR |b BIBCUR |c PAC |d 2019-11-19 |i 1759175 |l 2 |m 1 |o 530.13 HUA 1963 |p 1759175 |r 2025-04-22 |s 2024-11-11 |w 2019-11-19 |y BK |k BCB | ||